000 00371 a2200169 4500
001 45023
020 _a8508017561
040 _cAnchieta - Aquarius
100 _aPenteado, Maria Heloísa
240 1 0 _aLúcia já-vou-indo
_lpor
245 1 0 _aLúcia já-vou-indo
300 _a
362 0 _a2004
440 1 _aÁtica
650 4 _aLiteratura infantil
942 _cBK
999 _c45023
_d45023